El Federalismo en Europa / Thomas Fleiner-Gerster ... [et al.]
Descripción Física:
166 p. ; 22 cm
Colección:
Colección federalismo
Otros Autores:
Fleiner-Gerster, Thomas
Materias:
Federalisme -- Europa
MARC
| LEADER | 00000nam a2200000Ia 4500 | ||
|---|---|---|---|
| 001 | 10429 | ||
| 008 | 160829s1993 xx 000 0 cat d | ||
| 080 | |a M-2-209 | ||
| 245 | |a El Federalismo en Europa / Thomas Fleiner-Gerster ... [et al.] | ||
| 260 | |a Barcelona : |b Hacer : |b Fundació Rafael Campalans, |c 1993 | ||
| 300 | |a 166 p. ; |c 22 cm | ||
| 490 | |a Colección federalismo | ||
| 650 | 0 | |a Federalisme |z Europa |9 10214 | |
| 700 | |a Fleiner-Gerster, Thomas |9 28173 | ||
| 901 | |a Arxiu | ||
| 942 | |n 1 | ||
| 952 | |0 0 |1 0 |4 0 |6 M2209 |7 1 |9 44542 |a Arxiu |b Arxiu |d 2016-12-01 |l 0 |o M-2-209 |p 10429 |r 2016-12-01 00:00:00 |w 2016-12-01 |y ARXIU | ||
| 999 | |c 47123 |d 47123 | ||